000
00326 a2200157 4500
001
62545
020
_a
9788576755043
040
_c
Anchieta - Pituba
100
_a
Lisboa, Julio Cezar Foschini
240
1
0
_a
Química 2
_l
por
245
1
0
_a
Química 2
300
_a
432
362
0
_a
2010
650
4
_a
Química
942
_c
BK
999
_c
62545
_d
62545